01288 a2200253 4500003000500000005001700005010001600022020001700038020002400055040000900079082001700088245007800105260003800183300002400221505046700245650002500712650004600737650003100783650003000814700003400844942001200878999001900890952012500909Nust20230302110507.0 a 85017861 a0813301777 : a0813301785 (pbk.) : cNust00a327.174, TEC00aTechnology, strategy, and arms control /cedited by Wolfram F. Hanrieder. aBoulder :bWestview Press,c1986. ax, 162 p. ;c24 cm. aUS Soviet Negotiations And The Arms Race (Page-1), The Nuclear Superpower Relationship (Page-15), Integrating Arms Control In Europe (Page-27), Arms Control And Federal Republic of Germany(Page-49), Assured Strategic Stupidity (Page-65), Strategic Arms Limitation Negotiations (Page-93), Technological Development, The Military Balance And Arms Control (Page-115), Transforming International Security (Page-131), A Christian Response To The Arms Race (Page-149). 0aArms control.985781 0aArms racexHistoryy20th century.9109717 0aMilitary readiness.948717 0aNational security.9129851 aHanrieder, Wolfram F.9109720 2ddccBK c184312d184312 00102ddc4070aMCSbMCScGENd2016-12-12o327.174,TECpMCS20838r2016-12-08w2016-12-12yBKzAlmirah No.50, Shelf No.1